
Library Catalogue

| 000 -LEADER | |
|---|---|
| fixed length control field | 00628nam a22001577a 4500 |
| 003 - CONTROL NUMBER IDENTIFIER | |
| control field | OSt |
| 005 - DATE AND TIME OF LATEST TRANSACTION | |
| control field | 20220810123429.0 |
| 008 - FIXED-LENGTH DATA ELEMENTS--GENERAL INFORMATION | |
| fixed length control field | 191226b ||||| |||| 00| 0 eng d |
| 020 ## - INTERNATIONAL STANDARD BOOK NUMBER | |
| International Standard Book Number | 9781108182515 (Online) |
| 040 ## - CATALOGING SOURCE | |
| Original cataloging agency | nls |
| Language of cataloging | Eng. |
| Transcribing agency | nls |
| 245 ## - TITLE STATEMENT | |
| Title | Judicial Acts and Investment Treaty Arbitration |
| Statement of responsibility, etc. | / By Berk Demirkol |
| 260 ## - PUBLICATION, DISTRIBUTION, ETC. | |
| Place of publication, distribution, etc. | Cambridge |
| Name of publisher, distributor, etc. | Cambridge University Press |
| Date of publication, distribution, etc. | December 2017 |
| 760 ## - MAIN SERIES ENTRY | |
| Edition | Part of Cambridge International Trade and Economic Law |
| 856 ## - ELECTRONIC LOCATION AND ACCESS | |
| Uniform Resource Identifier | <a href="http://www.cambridge.org.eresources.nls.ac.in/core/books/judicial-acts-and-investment-treaty-arbitration/E378FC7FD47D88CB2088D016837918C4">http://www.cambridge.org.eresources.nls.ac.in/core/books/judicial-acts-and-investment-treaty-arbitration/E378FC7FD47D88CB2088D016837918C4</a> |
| 942 ## - ADDED ENTRY ELEMENTS (KOHA) | |
| Source of classification or shelving scheme | Dewey Decimal Classification |
| Koha item type | E-Books - Cambridge, Bloomsbury, Oxford Handbooks & West Academic |
| Withdrawn status | Lost status | Source of classification or shelving scheme | Damaged status | Not for loan | Home library | Current library | Shelving location | Date acquired | Source of acquisition | Total Checkouts | Barcode | Date last seen | Price effective from | Koha item type |
|---|---|---|---|---|---|---|---|---|---|---|---|---|---|---|
| Dewey Decimal Classification | . | . | 16.12.2019 | Purchased | EBK-527 | 26.12.2019 | 26.12.2019 | E-Books - Cambridge, Bloomsbury, Oxford Handbooks & West Academic |